=LDR 00000nam 2200000 4500 =001 INLIS000000000035101 =005 20130612141000 =008 ***********************************Ind** =035 ##$$0010-061300000035101 =041 ##$$a Ind =082 ##$$a 028.55 =090 ##$$a 028.55, Bar i =100 ##$$a Barker , Henry =245 ##$$a Ia berasal dari angkasa luar, Henry Baker =260 ##$$a 2007 $b Jakarta =300 ##$$a 32 hlm, ilus, 25 cm =650 ##$$a Bacaan Anak-anak =850 ##$$a NBPNMAT =990 ##$$a 85778577 =990 ##$$a 21009915 =990 ##$$a 01780178 =990 ##$$a 21009912 =990 ##$$a 21009915